| 000 | 00411pab a2200157 454500 | ||
|---|---|---|---|
| 008 | 180718b2006 xxu||||| |||| 00| 0 eng d | ||
| 100 | _aKurosaki, Takashi | ||
| 245 | _aConsumption vulnerability to risk in rural Pakistan | ||
| 260 | _c2006 | ||
| 300 | _ap.70-89. | ||
| 362 | _aJan | ||
| 650 | _aConsumption - Pakistan | ||
| 650 | _aConsumption | ||
| 773 | _aJournal of Development Studies | ||
| 909 | _a70331 | ||
| 999 |
_c70331 _d70331 |
||